[Event "Madrid-ch Seniors 65"]
[Site "Madrid"]
[Date "2019.01.28"]
[Round "6"]
[White "Lopez Oneto, Manuel"]
[Black "Martin Rodriguez, Jose Luis"]
[Result "0-1"]
[WhiteElo "1563"]
[BlackElo "1285"]
[PlyCount "90"]
[EventDate "2019.01.21"]
[EventType "swiss"]
[EventRounds "7"]
[EventCountry "ESP"]
[SourceTitle "CBM 188 Extra"]
[Source "ChessBase"]
[SourceDate "2019.02.26"]
[SourceVersion "1"]
[SourceVersionDate "2019.02.26"]
[SourceQuality "1"]

1. e4 e6 2. d4 d5 3. Nd2 c5 4. exd5 Qxd5 5. dxc5 Bxc5 6. Qf3 Nf6 7. Bc4 Qxf3 8. Ngxf3 0-0 9. Nb3 Bb6 10. 0-0 Nc6 11. c3 Bc7 12. Re1 b6 13. Bg5 Bb7 14. Rad1 Rad8 15. Nbd4 Nxd4 16. Nxd4 a5 17. Bb3 Bd5 18. Bxd5 Rxd5 19. Bxf6 gxf6 20. a4 Rfd8 21. Rb1 h5 22. h3 Kh7 23. Kf1 Rg8 24. Nb5 Bb8 25. Red1 Rgd8 26. Rxd5 Rxd5 27. Ke2 Kg6 28. Rd1 Rxd1 29. Kxd1 e5 30. b4 Kf5 31. bxa5 bxa5 32. Kc2 Ke4 33. Kb3 Kd5 34. c4+ Kc5 35. Nc3 f5 36. f3 h4 37. Ne2 e4 38. fxe4 fxe4 39. Kc3 f5 40. Kb3 f4 41. Ng1 Be5 42. Ne2 f3 43. gxf3 exf3 44. Nc1 Kd4 45. c5 f2 0-1

[Event "Madrid-ch Seniors 65"]
[Site "Madrid"]
[Date "2019.01.22"]
[Round "2"]
[White "Martinez Rubio, Felipe"]
[Black "Lopez Oneto, Manuel"]
[Result "1/2-1/2"]
[WhiteElo "1704"]
[BlackElo "1563"]
[PlyCount "106"]
[EventDate "2019.01.21"]
[EventType "swiss"]
[EventRounds "7"]
[EventCountry "ESP"]
[SourceTitle "CBM 188 Extra"]
[Source "ChessBase"]
[SourceDate "2019.02.26"]
[SourceVersion "1"]
[SourceVersionDate "2019.02.26"]
[SourceQuality "1"]

1. d4 Nf6 2. Bg5 Ne4 3. Bf4 d5 4. Nd2 Nf6 5. e3 g6 6. Ngf3 Bg7 7. c4 c6 8. h3 0-0 9. Bd3 Re8 10. 0-0 Nbd7 11. a3 dxc4 12. Nxc4 Nd5 13. Bg3 c5 14. e4 N5b6 15. Be2 cxd4 16. e5 Nxc4 17. Bxc4 Nc5 18. Nxd4 a6 19. f3 b5 20. Ba2 e6 21. Rc1 Nd7 22. Re1 Qg5 23. Bh2 Qd8 24. Kh1 Bb7 25. Qe2 Nb6 26. Nc6 Bxc6 27. Rxc6 Bf8 28. Bg1 Nd5 29. Rd1 Qd7 30. Bxd5 exd5 31. Rc2 Qe6 32. f4 f6 33. Bh2 fxe5 34. Qxe5 Qxe5 35. fxe5 Rad8 36. Rcd2 Bg7 37. Rxd5 Rc8 38. Kg1 Rc2 39. Rd8 Kf7 40. R8d7+ Re7 41. Rf1+ Ke8 42. Rxe7+ Kxe7 43. Rd1 Rxb2 44. Rd6 Bh6 45. Rd3 a5 46. Bg3 a4 47. Kf1 Rb3 48. Ke2 Rb2+ 49. Kf3 Rb3 50. Ke4 b4 51. axb4 Rxb4+ 52. Rd4 Rxd4+ 53. Kxd4 Bg7 1/2-1/2

[Event "Madrid-ch"]
[Site "Madrid"]
[Date "2015.02.18"]
[Round "9"]
[White "Lopez Oneto, Manuel"]
[Black "Morona Calvo, Virgilio"]
[Result "1-0"]
[WhiteElo "1855"]
[BlackElo "1411"]
[PlyCount "57"]
[EventDate "2015.02.02"]
[EventType "swiss"]
[EventRounds "9"]
[EventCountry "ESP"]
[SourceTitle "CBM 164 Extra"]
[Source "ChessBase"]
[SourceDate "2015.03.02"]
[SourceVersion "1"]
[SourceVersionDate "2015.03.02"]
[SourceQuality "1"]

1. e4 e5 2. Nf3 Nc6 3. Bb5 d6 4. 0-0 Nf6 5. Re1 Be7 6. h3 0-0 7. c3 Bd7 8. d4 a6 9. Ba4 Re8 10. Nbd2 h6 11. Nf1 Na7 12. Bb3 a5 13. dxe5 dxe5 14. Nxe5 Bd6 15. Nxf7 Qe7 16. Nxd6+ Be6 17. Nxe8 Rxe8 18. Be3 b6 19. Ng3 Bxb3 20. Qxb3+ Kh8 21. Rad1 Nc6 22. Qc2 Ne5 23. Qd2 Qe6 24. Qe2 Qxa2 25. Bd4 Ned7 26. Qd2 Qf7 27. Qf4 c5 28. Bxf6 Rf8 29. Qxh6+ 1-0

[Event "Madrid-ch"]
[Site "Madrid"]
[Date "2015.02.02"]
[Round "1"]
[White "Ramos Antona, Enrique"]
[Black "Lopez Oneto, Manuel"]
[Result "1/2-1/2"]
[WhiteElo "1630"]
[BlackElo "1855"]
[PlyCount "106"]
[EventDate "2015.02.02"]
[EventType "swiss"]
[EventRounds "9"]
[EventCountry "ESP"]
[SourceTitle "CBM 164 Extra"]
[Source "ChessBase"]
[SourceDate "2015.03.02"]
[SourceVersion "1"]
[SourceVersionDate "2015.03.02"]
[SourceQuality "1"]

1. d4 Nf6 2. c4 g6 3. Nc3 d5 4. cxd5 Nxd5 5. e4 Nxc3 6. bxc3 c5 7. Be3 Bg7 8. Bc4 0-0 9. Ne2 Nc6 10. 0-0 cxd4 11. cxd4 Na5 12. Bd3 b6 13. Rc1 Bb7 14. Qd2 Qd7 15. Bh6 Rfd8 16. Bxg7 Kxg7 17. Qe3 Rac8 18. f4 e6 19. Rxc8 Rxc8 20. Rc1 Rxc1+ 21. Qxc1 h5 22. Qc3 Qc6 23. d5+ Qxc3 24. Nxc3 exd5 25. exd5 Kf8 26. Kf2 a6 27. Ke3 Ke7 28. Kd4 Kd6 29. h4 f5 30. Be2 b5 31. Bxb5 axb5 32. Nxb5+ Kd7 33. g3 Ba6 34. Kc5 Bc8 35. Kd4 Bb7 36. Ke5 Nc4+ 37. Kf6 Bxd5 38. Kxg6 Ne3 39. Kxh5 Bxa2 40. Kg5 Ke7 41. h5 Kf7 42. h6 Bb1 43. Nd6+ Kg8 44. Kg6 Ba2 45. Kg5 Kh7 46. Nxf5 Nxf5 47. Kxf5 Kxh6 48. g4 Kg7 49. Ke5 Kf7 50. f5 Bc4 51. g5 Bb3 52. Kd6 Bc4 53. Ke5 Bb3 1/2-1/2